Medzinárodné stratégie uplatňované vo vybranom podniku diplomová práca

Gespeichert in:
Bibliographische Detailangaben
1. Verfasser: Janglová, Eva
Körperschaft: Fakulta podnikového manažmentu EU. Katedra manažmentu
Weitere Verfasser: Mišún, Juraj, 1978-
Format: Buch
Sprache:Slowakisch
Veröffentlicht: Bratislava 2012
Tags: Tag hinzufügen
Keine Tags, Fügen Sie das erste Tag hinzu!

MARC

LEADER 00000nbm a2200000 4500
001 0152366
005 20161109102031.7
041 0 |a slo 
044 |a SK 
245 1 0 |a Medzinárodné stratégie uplatňované vo vybranom podniku  |b diplomová práca  |c Eva Janglová ; školiteľ: Juraj Mišún 
264 1 |a Bratislava  |c 2012 
300 |a 62 s. 
100 1 |a Janglová, Eva 
700 1 |a Mišún, Juraj, 1978- 
710 2 |a Fakulta podnikového manažmentu EU. Katedra manažmentu